| 000 | 00724nam a2200217 a 4500 | ||
|---|---|---|---|
| 001 | BRCA_1157 | ||
| 005 | 20190320203316.0 | ||
| 008 | 890510s1988 mx-a---##b---#000-0#spa-# | ||
| 040 |
_aDLC _cDLC _dDLC |
||
| 050 | 4 |
_aNA5060 _b.A83 1988 |
|
| 100 | 1 |
_aGustavo Alejandro _93823 |
|
| 245 | 1 | 0 |
_aEl retablo guatemalteco _bforma y expresión _cGustavo Alejandro ; Avalos Austria. |
| 260 |
_aMéxico _bTredex _c1988 |
||
| 300 |
_a181 p. _bil. (algunas a color) _c28 cm. |
||
| 500 | _aIncluye Índice y lista de láminas | ||
| 504 | _aBibliografía: p. 173-175 | ||
| 650 | 1 | 4 |
_aRetablos guatemaltecos _93824 |
| 650 | 1 | 4 |
_aRetablos barrocos _zGuatemala _93825 |
| 650 | 1 | 4 |
_aArte cristiano y simbolismo _zGuatemala _93826 |
| 942 |
_2lcc _cB |
||
| 999 |
_c1034 _d1034 |
||